000 00266nam a22001097a 4500
082 _a0333 WAS
100 _aPDF
_956879
245 _a COMPUTER ARCHITECTURE PIPELINED AND PARRALLEL PROCESSOR DESING
260 _aRAWALPINDI
_bPDF
_c2007
300 _aPDF
942 _cBK
999 _c575434
_d575434